| 000 | 00899nac a22003011u 4500 | ||
|---|---|---|---|
| 010 | _a 84643191 | ||
| 020 | _a0071432205 | ||
| 022 | 0 | _a0748-4585 | |
| 035 | _a(OCoLC)ocm02307440 | ||
| 082 | 0 | _a540.5 | |
| 090 | _c184 | ||
| 100 | _a20080729 | ||
| 245 | 0 | 0 | _aLange's handbook of chemistry. |
| 246 | 3 | 0 | _aHandbook of chemistry |
| 250 | _a16th ed. | ||
| 260 |
_aNew York : _bMcGraw-Hill,2005 _c2005 |
||
| 300 |
_a1v. : _bill. ; _c24 cm. |
||
| 500 | _aEditor: 11th ed.- J.A. Dean. | ||
| 500 | _aFormerly compiled and edited by: N.A. Lange. | ||
| 650 | 0 | _aChemistry | |
| 700 | 1 | _aSpeight, James G. | |
| 700 | 1 |
_aLange, Norbert Adolph, _d1892-1970. |
|
| 856 | 4 | 1 | _uhttp://www.knovel.com/knovel2/Toc.jsp?BookID=47 |
| 942 |
_cNB _k540.5 _hRDA-MOD |
||
| 999 |
_c184 _d184 |
||
| 336 |
_2rdacontent _atext _btxt |
||
| 337 |
_aunmediated _2rdamedia _bn |
||
| 338 |
_avolume _bnc _2rdacarrier |
||